All Governors of Wyoming - Statistics

General Stats
  • This quiz has been taken 3 times
  • The average score is 12 of 33
Answer Stats
Years Served Party Answer % Correct
2003 - 2011 Democrat Dave Freudenthal
100%
2019 - Present Republican Mark Gordon
100%
2011 - 2019 Republican Matt Mead
100%
1890 - 1893 Republican Amos W. Barber
50%
1949 - 1951 Republican Arthur G. Crane
50%
1963 - 1967 Republican Clifford Hansen
50%
1899 - 1903 Republican DeForest Richards
50%
1975 - 1987 Democrat Edgar Herschler
50%
1890 Republican Francis E. Warren
50%
1915 - 1917 Democrat John B. Kendrick
50%
1911 - 1915 Democrat Joseph M. Carey
50%
1933 - 1939 Democrat Leslie A. Miller
50%
1943 - 1949 Democrat Lester C. Hunt
50%
1987 - 1995 Democrat Mike Sullivan
50%
1925 - 1927 Democrat Nellie Tayloe Ross
50%
1939 - 1943 Republican Nels H. Smith
50%
1919 - 1923 Republican Robert D. Carey
50%
1967 - 1975 Republican Stanley K. Hathaway
50%
1895 - 1899 Republican William A. Richards
50%
1923 - 1924 Democrat William B. Ross
50%
1931 - 1933 Republican Alonzo M. Clark
0%
1905 - 1911 Republican Bryant Butler Brooks
0%
1953 - 1955 Republican Clifford Joy Rogers
0%
1903 - 1905 Republican Fenimore Chatterton
0%
1951 - 1953 Republican Frank A. Barrett
0%
1927 - 1931 Republican Frank Emerson
0%
1917 - 1919 Democrat Frank L. Houx
0%
1924 - 1925 Republican Frank Lucas
0%
1961 - 1963 Democrat Jack R. Gage
0%
1995 - 2003 Republican Jim Geringer
0%
1959 - 1961 Democrat Joe Hickey
0%
1893 - 1895 Democrat John Eugene Osborne
0%
1955 - 1959 Republican Milward Simpson
0%
No matching quizzes found
Score Distribution
Percent of People with Each Score
Percentile by Number Answered
Your Score History
You have not taken this quiz